000 00598nam a2200193 a 4500
001 000010597
005 20240412074219.0
008 091008s1991 dr 000 p spa d
040 _aDO-SdBNP
_bspa
_cBNPHU
082 _aRD861.44
_bM878v
100 1 _aMorrison, Mateo,
_d1947-
_91469
245 1 0 _aVisiones del amoroso ente (poesía) /
_cMateo Morrison.
260 _aSanto Domingo :
_bTaller,
_c1991.
300 _a78 p. ;
_c21 cm.
590 _aInventariado, 2018/LP
650 0 _aPoesía dominicana
_966
650 0 _aLiteratura dominicana.
_967
910 _aValidado. Control de calidad MMOLINA
999 _c10355
_d10355